000 00262nam a2200121Ia 4500
008 190216s9999||||xx |||||||||||||| ||und||
100 _aPandey P P
245 0 _aCollege Botany
260 _bS Chand & Co
_c1989
300 _a391p
650 _aBotany
942 _cBK
999 _c1412
_d1412